Second generation wavelets and applications / (Record no. 8517)

MARC details
000 -LEADER
fixed length control field 01296cam a22003254a 4500
001 - CONTROL NUMBER
control field 13725497
003 - CONTROL NUMBER IDENTIFIER
control field OSt
005 - DATE AND TIME OF LATEST TRANSACTION
control field 20240617103352.0
008 - FIXED-LENGTH DATA ELEMENTS--GENERAL INFORMATION
fixed length control field 040921s2005 nyua b 001 0 eng
010 ## - LIBRARY OF CONGRESS CONTROL NUMBER
LC control number 2004058967
020 ## - INTERNATIONAL STANDARD BOOK NUMBER
International Standard Book Number 1852339160 (alk. paper)
040 ## - CATALOGING SOURCE
Original cataloging agency MUST LIB
Transcribing agency MUST
Modifying agency MUST
042 ## - AUTHENTICATION CODE
Authentication code pcc
050 00 - LIBRARY OF CONGRESS CALL NUMBER
Classification number TK5102.9
Item number .J3623 2005
082 00 - DEWEY DECIMAL CLASSIFICATION NUMBER
Classification number 515.243
Edition number 22
Item number JAS
100 1# - MAIN ENTRY--PERSONAL NAME
Personal name Jansen, Maarten.
9 (RLIN) 17298
245 10 - TITLE STATEMENT
Title Second generation wavelets and applications /
Statement of responsibility, etc. Maarten Jansen and Patrick Oonincx.
260 ## - PUBLICATION, DISTRIBUTION, ETC. (IMPRINT)
Place of publication, distribution, etc. London ;
-- New York :
Name of publisher, distributor, etc. Springer,
Date of publication, distribution, etc. 2005.
300 ## - PHYSICAL DESCRIPTION
Extent x, 138 p. :
Other physical details ill. ;
Dimensions 24 cm.
504 ## - BIBLIOGRAPHY, ETC. NOTE
Bibliography, etc Includes bibliographical references and index.
650 #0 - SUBJECT ADDED ENTRY--TOPICAL TERM
Topical term or geographic name as entry element Signal processing
General subdivision Mathematics.
9 (RLIN) 17299
650 #0 - SUBJECT ADDED ENTRY--TOPICAL TERM
Topical term or geographic name as entry element Image processing
General subdivision Mathematics.
9 (RLIN) 17300
650 #0 - SUBJECT ADDED ENTRY--TOPICAL TERM
Topical term or geographic name as entry element Wavelets (Mathematics)
9 (RLIN) 15565
700 1# - ADDED ENTRY--PERSONAL NAME
Personal name Oonincx, Patrick.
9 (RLIN) 17301
856 41 - ELECTRONIC LOCATION AND ACCESS
Materials specified Table of contents
Uniform Resource Identifier http://www.loc.gov/catdir/toc/fy054/2004058967.html
856 42 - ELECTRONIC LOCATION AND ACCESS
Materials specified Publisher description
Uniform Resource Identifier http://www.loc.gov/catdir/enhancements/fy0662/2004058967-d.html
906 ## - LOCAL DATA ELEMENT F, LDF (RLIN)
a 7
b cbc
c orignew
d 1
e ocip
f 20
g y-gencatlg
942 ## - ADDED ENTRY ELEMENTS (KOHA)
Source of classification or shelving scheme Dewey Decimal Classification
Koha item type Book
Holdings
Withdrawn status Lost status Source of classification or shelving scheme Damaged status Not for loan Home library Current library Date acquired Source of acquisition Inventory number Total Checkouts Full call number Barcode Date last seen Price effective from Koha item type
    Dewey Decimal Classification     MUST Main Library MUST Main Library 17/06/2024 Donation 11/35180   515.243 JAS 2024-20605 17/06/2024 17/06/2024 Book